Manual de estudio de títulos de dominio de la propiedad inmobiliaria

Guardat en:
Dades bibliogràfiques
Autor principal: Feliú Segovia, Juan (Autor)
Format: Llibre
Idioma:espanyol
Publicat: Santiago Jurídica 2008
Edició:3a. ed
Matèries:
Etiquetes: Afegir etiqueta
Sense etiquetes, Sigues el primer a etiquetar aquest registre!

MARC

LEADER 00000nam a2200000 a 4500
001 UCI7368
003 CL-VaPUC
008 080626e20080000CL |||||||||||||||||spa|d
020 |a 9789561018594 
082 0 4 |a 346.830438  |b FEL  |2 21 
100 |a Feliú Segovia, Juan  |e author  |9 520220 
245 1 0 |a Manual de estudio de títulos de dominio de la propiedad inmobiliaria 
250 |a 3a. ed 
300 |a 125 p 
942 |c BK 
945 |d 20080626 00:00:00  |a jtorresc 
260 |a Santiago  |b Jurídica  |c 2008 
650 0 |a Bienes inmuebles   |9 359521 
650 7 |a TITULOS DE INMUEBLES  |2 CL-VaPUC  |9 469871 
651 7 |a CHILE  |2 CL-VaPUC  |9 530570 
583 |a last modification  |c 20080626 00:00:00  |k Rodrigo Vera 
999 |c 330663  |d 330661 
952 |0 0  |1 0  |4 0  |6 346_830438000000000_FEL_2008  |7 0  |8 A  |9 416338  |a BIBDER  |b BIBDER  |d 2019-11-22  |i 4452305  |l 5  |m 3  |o 346.830438 FEL 2008  |p 4452305  |r 2024-03-22  |s 2024-03-19  |w 2019-11-22  |y BK  |k DER